000 00590nam a2200181Ia 4500
008 090123s9999 xx 000 0 und d
082 _b34292
100 _aटिकेकर अशोक
245 _aनवरा बायको का भांडतात ?
250 _a1
260 _bसंयम
300 _a248
600 _aटिकेकर अशोक
630 _aनवरा बायको का भांडतात ?
700 _aटिकेकर अशोक
730 _aनवरा बायको का भांडतात ?
942 _cBOOK
999 _c72333
_d72333